| 000 | 00477nam a2200193Ia 4500 | ||
|---|---|---|---|
| 008 | 170918s9999 xx 000 0 und d | ||
| 020 | _a9780439521536 | ||
| 050 | _bC947 2002 | ||
| 100 | _aCronin, Doreen | ||
| 245 | _aGiggle, giggle, quack / | ||
| 245 | _cDoreen Cronin ; pictures by Betsy Lewin. | ||
| 260 | _aNew York : | ||
| 260 | _bScholastic, | ||
| 260 | _c2002 | ||
| 300 | _aunpaged : | ||
| 300 | _bcolored illustration ; | ||
| 300 | _c26cm. | ||
| 500 | _a330 | ||
| 999 |
_c341163 _d341163 |
||